[Event "Eschborn op"]
[Site "Eschborn"]
[Date "2019.08.17"]
[Round "2.26"]
[White "Weiland, Thomas"]
[Black "Leck, Jakob"]
[Result "0-1"]
[WhiteElo "1742"]
[BlackElo "2089"]
[PlyCount "82"]
[EventDate "2019.08.16"]
[EventType "swiss"]
[EventRounds "5"]
[EventCountry "GER"]
[SourceTitle "EXT 2024"]
[Source "ChessBase"]
[SourceDate "2023.10.10"]
[SourceVersion "1"]
[SourceVersionDate "2023.10.10"]
[SourceQuality "1"]

1. c4 c6 2. Nf3 Nf6 3. Nc3 d5 4. cxd5 cxd5 5. g3 Nc6 6. d4 e6 7. a3 Bd6 8. Bg2 0-0 9. 0-0 h6 10. e3 b6 11. b4 Bb7 12. Bb2 Rc8 13. Rc1 Qe7 14. Nd2 Rfd8 15. f4 Nb8 16. Re1 a5 17. bxa5 Bxa3 18. Na4 Bxb2 19. Nxb2 Rxc1 20. Qxc1 Rc8 21. Qb1 Qb4 22. Nf3 Qxa5 23. Ne5 Nbd7 24. Nbd3 Ba6 25. Nb4 Bb5 26. f5 exf5 27. Nxd5 Nxd5 28. Bxd5 Nxe5 29. dxe5 Bd3 30. Bxf7+ Kxf7 31. e6+ Kxe6 32. Qd1 Be4 33. Re2 Qa3 34. Qd4 Qa6 35. Kf2 Rc7 36. Rd2 Qb7 37. Rb2 Rc6 38. g4 Qc7 39. gxf5+ Bxf5 40. Rd2 Rc5 41. e4 Qf4+ 0-1

[Event "Eschborn op"]
[Site "Eschborn"]
[Date "2019.08.16"]
[Round "1.17"]
[White "Leck, Jakob"]
[Black "Haas, Vanessa"]
[Result "1/2-1/2"]
[WhiteElo "2089"]
[BlackElo "1576"]
[PlyCount "122"]
[EventDate "2019.08.16"]
[EventType "swiss"]
[EventRounds "5"]
[EventCountry "GER"]
[SourceTitle "EXT 2024"]
[Source "ChessBase"]
[SourceDate "2023.10.10"]
[SourceVersion "1"]
[SourceVersionDate "2023.10.10"]
[SourceQuality "1"]

1. e4 d5 2. exd5 Qxd5 3. Nf3 Nf6 4. Nc3 Qa5 5. Bc4 Bf5 6. 0-0 e6 7. d4 c6 8. Ne2 Bd6 9. Bf4 Qc7 10. Bxd6 Qxd6 11. c3 0-0 12. Ng3 Bg6 13. Re1 Nbd7 14. a4 Nb6 15. Bf1 c5 16. a5 Nbd5 17. dxc5 Qxc5 18. Ne5 Rfd8 19. Nxg6 hxg6 20. Qf3 Rd7 21. Ne2 Rad8 22. Nd4 a6 23. g3 Ne7 24. Nb3 Qh5 25. Be2 Nc6 26. Qxf6 gxf6 27. Bxh5 gxh5 28. Nc5 Rc7 29. b4 Ne5 30. Red1 Rdc8 31. Kg2 Nc4 32. Rd4 Ne5 33. Rad1 Nc6 34. Rh4 Nxa5 35. Rxh5 Nc6 36. Rh4 Ne7 37. Rg4+ Kh7 38. Rf4 f5 39. Rf3 a5 40. g4 axb4 41. cxb4 Kg7 42. gxf5 Nxf5 43. Rf4 b6 44. Rg4+ Kf6 45. Nd7+ Ke7 46. Nxb6 Rb8 47. Na4 Rc2 48. Kf1 Rh8 49. Kg1 Rh4 50. Rxh4 Nxh4 51. Nc5 Nf3+ 52. Kg2 Ne5 53. Na6 Nc4 54. Kf3 Rc3+ 55. Ke4 Nd6+ 56. Kd4 Rc4+ 57. Ke3 f6 58. f3 Nb5 59. h3 Nc3 60. Ra1 Nd5+ 61. Kf2 Nxb4 1/2-1/2

[Event "Eschborn op"]
[Site "Eschborn"]
[Date "2018.10.07"]
[Round "5"]
[White "Leck, Jakob"]
[Black "Speck, Stefan"]
[Result "1/2-1/2"]
[WhiteElo "2034"]
[BlackElo "1969"]
[PlyCount "37"]
[EventDate "2018.10.05"]
[EventType "swiss"]
[EventRounds "5"]
[EventCountry "GER"]
[SourceTitle "CBM 187 Extra"]
[Source "ChessBase"]
[SourceDate "2018.11.04"]
[SourceVersion "1"]
[SourceVersionDate "2018.11.04"]
[SourceQuality "1"]

1. e4 d6 2. d4 Nf6 3. Nc3 e5 4. Nf3 Nbd7 5. Be2 Be7 6. 0-0 0-0 7. Re1 c6 8. Bf1 Qc7 9. b3 Re8 10. a4 Nf8 11. h3 h6 12. Qd2 g5 13. Ba3 Ng6 14. dxe5 dxe5 15. Bxe7 Qxe7 16. g3 Be6 17. Rad1 Rad8 18. Qe3 Rxd1 19. Rxd1 1/2-1/2

[Event "Eschborn op"]
[Site "Eschborn"]
[Date "2018.10.06"]
[Round "2"]
[White "Hilgert, Viktor"]
[Black "Leck, Jakob"]
[Result "0-1"]
[WhiteElo "1752"]
[BlackElo "2034"]
[PlyCount "46"]
[EventDate "2018.10.05"]
[EventType "swiss"]
[EventRounds "5"]
[EventCountry "GER"]
[SourceTitle "CBM 187 Extra"]
[Source "ChessBase"]
[SourceDate "2018.11.04"]
[SourceVersion "1"]
[SourceVersionDate "2018.11.04"]
[SourceQuality "1"]

1. d4 d5 2. c4 c6 3. Nc3 Nf6 4. Nf3 e6 5. e3 Nbd7 6. Bd2 Bd6 7. c5 Bb8 8. b4 0-0 9. Bd3 e5 10. dxe5 Nxe5 11. Nxe5 Bxe5 12. f4 Bc7 13. Ne2 Qe7 14. Qb3 a5 15. bxa5 Qxc5 16. Rc1 Qa7 17. a6 c5 18. axb7 Bxb7 19. Qc2 Bd6 20. Nc3 c4 21. Be2 Bc5 22. Nb5 Qb6 23. Nd4 Rfe8 0-1

[Event "Eschborn op"]
[Site "Eschborn"]
[Date "2018.10.05"]
[Round "1"]
[White "Leck, Jakob"]
[Black "Goodwin, David"]
[Result "1-0"]
[WhiteElo "2034"]
[BlackElo "1444"]
[PlyCount "43"]
[EventDate "2018.10.05"]
[EventType "swiss"]
[EventRounds "5"]
[EventCountry "GER"]
[SourceTitle "CBM 187 Extra"]
[Source "ChessBase"]
[SourceDate "2018.11.04"]
[SourceVersion "1"]
[SourceVersionDate "2018.11.04"]
[SourceQuality "1"]

1. e4 g6 2. d4 Bg7 3. f4 d6 4. Nf3 a6 5. Bd3 c5 6. c3 Nh6 7. 0-0 Nd7 8. Nbd2 b5 9. Qe1 cxd4 10. cxd4 e5 11. fxe5 dxe5 12. d5 0-0 13. Nb3 Ng4 14. h3 Ngf6 15. Bd2 Nh5 16. Rc1 Nf4 17. Bb1 Nb8 18. Kh2 f5 19. Ba5 Qf6 20. Bc3 Nd7 21. Bb4 Re8 22. Rc6 1-0

[Event "Hofheim Spring op-A 5th"]
[Site "Hofheim"]
[Date "2017.04.10"]
[Round "7"]
[White "Leck, Jakob"]
[Black "Pogorelow, Ewgeni"]
[Result "0-1"]
[WhiteElo "2025"]
[BlackElo "2237"]
[PlyCount "74"]
[EventDate "2017.04.07"]
[EventType "swiss"]
[EventRounds "9"]
[EventCountry "GER"]
[SourceTitle "CBM 177 Extra"]
[Source "ChessBase"]
[SourceDate "2017.04.27"]
[SourceVersion "1"]
[SourceVersionDate "2017.04.27"]
[SourceQuality "1"]

1. e4 d6 2. d4 g6 3. Nc3 Bg7 4. f4 Nc6 5. Nf3 Nf6 6. e5 dxe5 7. fxe5 Nd5 8. Ne4 Bf5 9. Ng3 Bg4 10. c3 f6 11. exf6 exf6 12. Be2 0-0 13. 0-0 Kh8 14. c4 Nb6 15. d5 Bxf3 16. Bxf3 Ne5 17. b3 Nbd7 18. Bb2 Nxf3+ 19. Qxf3 Qe7 20. Kh1 Rae8 21. d6 cxd6 22. Qxb7 h5 23. Rf2 Qd8 24. Qd5 h4 25. Ne2 Nc5 26. Nf4 Kh7 27. b4 Ne4 28. Re2 f5 29. Bxg7 Kxg7 30. Rae1 Qf6 31. Qc6 Kh6 32. Nd5 Qd4 33. Rxe4 Rxe4 34. Rg1 Rfe8 35. Qxd6 Re1 36. Qf4+ Qxf4 37. Nxf4 R8e4 0-1

[Event "Hofheim Spring op-A 5th"]
[Site "Hofheim"]
[Date "2017.04.10"]
[Round "6"]
[White "Werner, Dimo"]
[Black "Leck, Jakob"]
[Result "1/2-1/2"]
[WhiteElo "2042"]
[BlackElo "2025"]
[PlyCount "60"]
[EventDate "2017.04.07"]
[EventType "swiss"]
[EventRounds "9"]
[EventCountry "GER"]
[SourceTitle "CBM 177 Extra"]
[Source "ChessBase"]
[SourceDate "2017.04.27"]
[SourceVersion "1"]
[SourceVersionDate "2017.04.27"]
[SourceQuality "1"]

1. Nf3 Nf6 2. g3 e6 3. Bg2 c5 4. c4 Nc6 5. 0-0 Be7 6. Nc3 0-0 7. d4 cxd4 8. Nxd4 a6 9. e4 Qc7 10. b3 Rb8 11. Bb2 Rd8 12. Rc1 b6 13. Nxc6 dxc6 14. Qe2 e5 15. h3 Bc5 16. Na4 Bd4 17. Bxd4 Rxd4 18. Rfd1 c5 19. Nc3 Nd7 20. Qe3 b5 21. cxb5 axb5 22. Ne2 Rxd1+ 23. Rxd1 b4 24. Nc1 g6 25. Qd2 Nf8 26. Qd8 Rb7 27. Qxc7 Rxc7 28. Rd5 f6 29. h4 Kf7 30. Nd3 c4 1/2-1/2

[Event "Hofheim Spring op-A 5th"]
[Site "Hofheim"]
[Date "2017.04.07"]
[Round "1"]
[White "Leck, Jakob"]
[Black "Cordes, Hans Joerg"]
[Result "0-1"]
[WhiteElo "2025"]
[BlackElo "2231"]
[PlyCount "92"]
[EventDate "2017.04.07"]
[EventType "swiss"]
[EventRounds "9"]
[EventCountry "GER"]
[SourceTitle "CBM 177 Extra"]
[Source "ChessBase"]
[SourceDate "2017.04.27"]
[SourceVersion "1"]
[SourceVersionDate "2017.04.27"]
[SourceQuality "1"]

1. e4 e6 2. d4 d5 3. Nd2 c5 4. Ngf3 cxd4 5. exd5 Qxd5 6. Bc4 Qd6 7. 0-0 Nf6 8. Nb3 Nc6 9. Nbxd4 Nxd4 10. Nxd4 a6 11. Be3 Qc7 12. Bd3 Bd6 13. h3 0-0 14. Re1 b6 15. c4 Bb7 16. Qc2 Rfd8 17. a3 Bf4 18. Bxf4 Qxf4 19. Ne2 Qg5 20. Ng3 Nh5 21. Re3 f5 22. h4 Qxh4 23. Nxh5 Qxh5 24. Rxe6 Qg4 25. Bf1 f4 26. Re4 Rac8 27. f3 Qg5 28. Rae1 Bxe4 29. Rxe4 Qc5+ 30. Qf2 Qxf2+ 31. Kxf2 Rd2+ 32. Re2 Rcd8 33. b4 R8d3 34. c5 bxc5 35. Rxd2 Rxd2+ 36. Ke1 Rc2 37. Bxa6 cxb4 38. axb4 Rxg2 39. Bc4+ Kf8 40. b5 Ke7 41. Bd5 Rb2 42. Bc6 Kd6 43. Kf1 Kc5 44. Be8 Rxb5 45. Kg2 Rb3 46. Bf7 Ra3 0-1

[Event "Goch op 27th"]
[Site "Goch"]
[Date "2016.09.02"]
[Round "2"]
[White "Leck, Jakob"]
[Black "Eriksson, Christian Altenburg"]
[Result "1-0"]
[WhiteElo "1998"]
[BlackElo "2164"]
[PlyCount "117"]
[EventDate "2016.09.01"]
[EventType "swiss"]
[EventRounds "7"]
[EventCountry "GER"]
[SourceTitle "EXT 2018"]
[Source "ChessBase"]
[SourceDate "2017.10.13"]
[SourceVersion "1"]
[SourceVersionDate "2017.10.13"]
[SourceQuality "1"]

1. e4 c5 2. Nc3 Nc6 3. f4 g6 4. Nf3 Bg7 5. Bc4 e6 6. 0-0 a6 7. a4 Nge7 8. e5 Nf5 9. Ne4 d5 10. exd6 Nxd6 11. Nxd6+ Qxd6 12. d3 0-0 13. Ng5 Na5 14. Ba2 b5 15. Kh1 Bb7 16. Re1 c4 17. Bd2 b4 18. dxc4 Rfd8 19. Be3 Bxb2 20. Rb1 Bc3 21. c5 Qc6 22. Qg4 Kg7 23. Re2 h6 24. Nxf7 Kxf7 25. f5 b3 26. Qxg6+ Ke7 27. Qh7+ Ke8 28. Bg5 hxg5 29. Rxe6+ Kf8 30. Qe7+ Kg8 31. Rxc6 Bxc6 32. cxb3 Rd2 33. Qxg5+ Kf8 34. Qh6+ Kf7 35. Qe6+ Kg7 36. Qg6+ Kf8 37. Qh6+ Kf7 38. b4+ Ke8 39. Re1+ Kd8 40. Qxd2+ Bxd2 41. Rd1 Nb7 42. Rxd2+ Ke7 43. h3 Kf6 44. Bd5 Bxd5 45. Rxd5 Rc8 46. g4 a5 47. Rd7 Nd8 48. b5 Nf7 49. c6 Ne5 50. Rd6+ Kg5 51. Kg2 Kf4 52. Kf2 Nf7 53. Rd4+ Ke5 54. Rd7 Nd6 55. Re7+ Kf4 56. Rd7 Ne4+ 57. Kg2 Nc3 58. c7 Ne4 59. b6 1-0

[Event "Goch op 27th"]
[Site "Goch"]
[Date "2016.09.01"]
[Round "1"]
[White "Rode, Stefan"]
[Black "Leck, Jakob"]
[Result "0-1"]
[WhiteElo "1587"]
[BlackElo "1998"]
[PlyCount "78"]
[EventDate "2016.09.01"]
[EventType "swiss"]
[EventRounds "7"]
[EventCountry "GER"]
[SourceTitle "EXT 2018"]
[Source "ChessBase"]
[SourceDate "2017.10.13"]
[SourceVersion "1"]
[SourceVersionDate "2017.10.13"]
[SourceQuality "1"]

1. e4 e6 2. d4 d5 3. Nd2 Nf6 4. e5 Nfd7 5. f4 c5 6. c3 Nc6 7. Ndf3 Be7 8. Bd3 cxd4 9. cxd4 Nb6 10. Ne2 Bd7 11. 0-0 0-0 12. Ng3 f5 13. Be3 h6 14. Qd2 Rc8 15. Rac1 a5 16. Kh1 a4 17. b3 Ra8 18. Rg1 axb3 19. axb3 Ra3 20. Nh5 Be8 21. g4 fxg4 22. Nxg7 Kxg7 23. Rxg4+ Kh8 24. Bg6 Rxb3 25. Rcg1 Nc4 26. Qc2 Nxe3 27. Qxb3 Nxg4 28. Rxg4 Bxg6 29. Rxg6 Rxf4 30. Rxh6+ Kg7 31. Rxe6 Qd7 32. Ng5 Bxg5 33. Qg3 Qxe6 34. Qxg5+ Qg6 35. Qxf4 Qe4+ 36. Qxe4 dxe4 37. Kg2 Nxd4 38. Kg3 Nf5+ 39. Kf4 e3 0-1

[Event "Hofheim Spring op-A 4th"]
[Site "Hofheim"]
[Date "2016.03.31"]
[Round "5"]
[White "Werner, Dimo"]
[Black "Leck, Jakob"]
[Result "1/2-1/2"]
[WhiteElo "2043"]
[BlackElo "1975"]
[PlyCount "35"]
[EventDate "2016.03.29"]
[EventType "swiss"]
[EventRounds "9"]
[EventCountry "GER"]
[SourceTitle "CBM 171 Extra"]
[Source "ChessBase"]
[SourceDate "2016.04.26"]
[SourceVersion "1"]
[SourceVersionDate "2016.04.26"]
[SourceQuality "1"]

1. d4 d5 2. Nf3 Nf6 3. c4 c6 4. cxd5 cxd5 5. Nc3 Nc6 6. Bf4 e6 7. e3 Bd6 8. Bxd6 Qxd6 9. Bd3 0-0 10. 0-0 Bd7 11. Qe2 Rfd8 12. Rac1 Be8 13. h3 a6 14. a3 Na5 15. Nd2 b5 16. b4 Nc4 17. Nb3 Ra7 18. Nc5 1/2-1/2

[Event "Goch op 26th"]
[Site "Goch"]
[Date "2015.09.04"]
[Round "3"]
[White "Khudovekov, Stanislav"]
[Black "Leck, Jakob"]
[Result "0-1"]
[WhiteElo "2134"]
[BlackElo "1850"]
[PlyCount "76"]
[EventDate "2015.09.03"]
[EventType "swiss"]
[EventRounds "7"]
[EventCountry "GER"]
[SourceTitle "EXT 2018"]
[Source "ChessBase"]
[SourceDate "2017.10.13"]
[SourceVersion "1"]
[SourceVersionDate "2017.10.13"]
[SourceQuality "1"]

1. c4 Nf6 2. g3 c5 3. Bg2 Nc6 4. Nc3 e6 5. e4 d6 6. Nge2 Be7 7. d3 a6 8. 0-0 0-0 9. h3 Qc7 10. f4 b6 11. Be3 Bb7 12. a3 Rfd8 13. Rb1 Rac8 14. Bf2 Nb8 15. f5 exf5 16. Nd5 Bxd5 17. exd5 Nbd7 18. Be3 g6 19. Nf4 Re8 20. Qd2 Bf8 21. Bf3 Ne5 22. Be2 b5 23. b3 bxc4 24. bxc4 Rb8 25. Rxb8 Rxb8 26. Ng2 Bg7 27. Bf4 Nfd7 28. g4 fxg4 29. hxg4 Rb2 30. Qd1 Qa5 31. Bc1 Ra2 32. Rf2 Qc3 33. Ne3 Bh6 34. Rf1 Ra1 35. Kf2 Bxe3+ 36. Kxe3 Qd4+ 37. Kd2 Nxc4+ 38. Ke1 Ne3 0-1